[Event "Dhaka Gateway Academy op"]
[Site "Dhaka"]
[Date "2019.12.31"]
[Round "2"]
[White "Md, Tayabur Rahman Milo"]
[Black "Md Abzid, Rahman"]
[Result "0-1"]
[WhiteElo "1696"]
[BlackElo "1937"]
[PlyCount "80"]
[EventDate "2019.12.30"]
[EventType "team-tourn"]
[EventRounds "7"]
[EventCountry "BAN"]
[SourceTitle "CBM 194 Extra"]
[Source "ChessBase"]
[SourceDate "2020.03.31"]
[SourceVersion "1"]
[SourceVersionDate "2020.03.31"]
[SourceQuality "1"]

1. e4 c5 2. Nf3 d6 3. d4 Nf6 4. Bb5+ Bd7 5. Bxd7+ Qxd7 6. dxc5 dxc5 7. Qxd7+ Nfxd7 8. 0-0 e6 9. Nc3 a6 10. Na4 Nc6 11. a3 Nd4 12. Nxd4 cxd4 13. b4 Rc8 14. Rd1 e5 15. Rd2 Be7 16. g3 0-0 17. f4 f6 18. Kf2 Rc7 19. Ke1 Rfc8 20. Kd1 b5 21. Nb2 Nb6 22. Rf2 Bd6 23. fxe5 Bxe5 24. Bf4 Bxf4 25. gxf4 Re7 26. Re2 Rce8 27. e5 fxe5 28. fxe5 Rxe5 29. Rxe5 Rxe5 30. Kd2 Nc4+ 31. Nxc4 bxc4 32. Re1 Rxe1 33. Kxe1 Kf7 34. Ke2 Ke6 35. Kf3 Kd5 36. h4 g6 37. Kf4 h6 38. Kf3 g5 39. h5 g4+ 40. Kxg4 c3 0-1